000 00699nam a2200241Ia 4500
003 OSt
005 20221005124404.0
006 a|||||r|||| 00| 0
007 ta
008 221004b |||||||| |||| 00| 0 eng d
024 _a33874
037 _cTextual
040 _aCRL
_cCRL
_beng
041 _2eng
_aeng
082 _aN525:L, H8 close section
100 _aWilkinson J. V. S. Ed.
_9635136
245 0 _aMughal painting with an introduction and notes
260 _c1948
490 _a(Faber gallery of oriental art,ed by Basil Gray,1).
650 _aARTS
942 _hN525:L, H8 close section
_cTEXL
_2cc
999 _c1050310
_d1050310